Black Bart says draw : (Record no. 142)

MARC details
000 -LEADER
fixed length control field 00708cam a2200241 a 4500
005 - DATE AND TIME OF LATEST TRANSACTION
control field 20260322212008.0
008 - FIXED-LENGTH DATA ELEMENTS--GENERAL INFORMATION
fixed length control field data
010 ## - LIBRARY OF CONGRESS CONTROL NUMBER
LC control number 90085467
020 ## - INTERNATIONAL STANDARD BOOK NUMBER
International Standard Book Number 0836218698 :
Terms of availability {dollar}7.95 ({dollar}10.95 Can.)
020 ## - INTERNATIONAL STANDARD BOOK NUMBER
International Standard Book Number 9780836218695 :
Terms of availability {dollar}7.95 ({dollar}10.95 Can.)
040 ## - CATALOGING SOURCE
Original cataloging agency DLC
Transcribing agency DLC
Modifying agency DLC
042 ## - AUTHENTICATION CODE
Authentication code lcac
050 00 - LIBRARY OF CONGRESS CALL NUMBER
Classification number PN6728.F64
Item number A43 1991
082 00 - DEWEY DECIMAL CLASSIFICATION NUMBER
Classification number 741.5/973
Edition information 20
099 ## - LOCAL FREE-TEXT CALL NUMBER (OCLC)
Classification number AMENDB
001 - CONTROL NUMBER
control field data
100 1# - MAIN ENTRY--PERSONAL NAME
Personal name Amend, Bill.
240 10 - UNIFORM TITLE
Uniform title FoxTrot.
Form subheading Selections
245 10 - TITLE STATEMENT
Title Black Bart says draw :
Remainder of title a Fox Trot collection /
Statement of responsibility, etc. Bill Amend.
260 ## - PUBLICATION, DISTRIBUTION, ETC.
Place of publication, distribution, etc. Kansas City, Mo. :
Name of publisher, distributor, etc. Andrews and McMeel,
Date of publication, distribution, etc. c1991.
300 ## - PHYSICAL DESCRIPTION
Extent 127 P. :
Other physical details chiefly ill. ;
Dimensions 23 cm.
650 #1 - SUBJECT ADDED ENTRY--TOPICAL TERM
Topical term or geographic name entry element Cartoons and comics.
Holdings
Withdrawn status Lost status Damaged status Not for loan Home library Current library Shelving location Date acquired Total checkouts Full call number Barcode Date last seen Price effective from Koha item type
        Franklin Franklin General stacks 22/03/2026   741.5/973 20 BC0010146 22/03/2026 22/03/2026 Books